A Map History of the British People (1700-1970). (Record no. 2469)
[ view plain ]
| 000 -LEADER | |
|---|---|
| fixed length control field | 00383nam a22001217a 4500 |
| 005 - DATE AND TIME OF LATEST TRANSACTION | |
| control field | 20200915142335.0 |
| 008 - FIXED-LENGTH DATA ELEMENTS--GENERAL INFORMATION | |
| fixed length control field | 200915b ||||| |||| 00| 0 eng d |
| 020 ## - INTERNATIONAL STANDARD BOOK NUMBER | |
| International Standard Book Number | 0435311565 |
| 040 ## - CATALOGING SOURCE | |
| Transcribing agency | CML |
| 245 ## - TITLE STATEMENT | |
| Title | A Map History of the British People (1700-1970). |
| Statement of responsibility, etc. | Catchpole, B. |
| 260 ## - PUBLICATION, DISTRIBUTION, ETC. | |
| Place of publication, distribution, etc. | London |
| Name of publisher, distributor, etc. | Heinemann Educational Books Ltd. |
| Date of publication, distribution, etc. | 1971 |
| 942 ## - ADDED ENTRY ELEMENTS (KOHA) | |
| Source of classification or shelving scheme | Dewey Decimal Classification |
| Koha item type | Books |
| Classification part | 911.42 |
| Call number suffix | CAT |
| Withdrawn status | Lost status | Source of classification or shelving scheme | Damaged status | Not for loan | Collection code | Home library | Current library | Shelving location | Date acquired | Total Checkouts | Full call number | Date last seen | Price effective from | Koha item type |
|---|---|---|---|---|---|---|---|---|---|---|---|---|---|---|
| Dewey Decimal Classification | Geography & History | Chalimbana Main Library | Chalimbana Main Library | Geography & History | 09/15/2020 | 911.42 CAT | 09/15/2020 | 09/15/2020 | Books |